<?xml version="1.0" encoding="UTF-8"?>
<record
    xmlns:xsi="http://www.w3.org/2001/XMLSchema-instance"
    xsi:schemaLocation="http://www.loc.gov/MARC21/slim http://www.loc.gov/standards/marcxml/schema/MARC21slim.xsd"
    xmlns="http://www.loc.gov/MARC21/slim">

  <leader>00444nam a22001697a 4500</leader>
  <controlfield tag="005">20230415112249.0</controlfield>
  <controlfield tag="008">230414b        |||||||| |||| 00| 0 eng d</controlfield>
  <datafield tag="020" ind1=" " ind2=" ">
    <subfield code="a">818627055-8</subfield>
  </datafield>
  <datafield tag="041" ind1=" " ind2=" ">
    <subfield code="a">eng</subfield>
  </datafield>
  <datafield tag="082" ind1=" " ind2=" ">
    <subfield code="a">615 NAN-C</subfield>
  </datafield>
  <datafield tag="100" ind1=" " ind2=" ">
    <subfield code="a">NANDA ,SANJU., NANDA ,ARUN , AND KHAR, ROOP  K.</subfield>
    <subfield code="9">7801</subfield>
  </datafield>
  <datafield tag="245" ind1=" " ind2=" ">
    <subfield code="a">COSMETIC TECHNOLOGY</subfield>
  </datafield>
  <datafield tag="260" ind1=" " ind2=" ">
    <subfield code="b">BIRLA PUBLICATION PVT. LTD.</subfield>
  </datafield>
  <datafield tag="300" ind1=" " ind2=" ">
    <subfield code="a">479;P.</subfield>
  </datafield>
  <datafield tag="650" ind1=" " ind2=" ">
    <subfield code="a">PHARMACY</subfield>
    <subfield code="x">B. PHARMA </subfield>
    <subfield code="9">7802</subfield>
  </datafield>
  <datafield tag="942" ind1=" " ind2=" ">
    <subfield code="c">BK</subfield>
  </datafield>
  <datafield tag="999" ind1=" " ind2=" ">
    <subfield code="c">8297</subfield>
    <subfield code="d">8295</subfield>
  </datafield>
  <datafield tag="952" ind1=" " ind2=" ">
    <subfield code="0">0</subfield>
    <subfield code="1">0</subfield>
    <subfield code="4">0</subfield>
    <subfield code="7">0</subfield>
    <subfield code="8">REF</subfield>
    <subfield code="a">JRU</subfield>
    <subfield code="b">JRU</subfield>
    <subfield code="c">SHELF - 18 - I</subfield>
    <subfield code="d">2023-04-13</subfield>
    <subfield code="e">LOHIA BOOK INTERNATIONAL</subfield>
    <subfield code="g">790.00</subfield>
    <subfield code="l">0</subfield>
    <subfield code="o">615 NAN-C</subfield>
    <subfield code="p">27702</subfield>
    <subfield code="r">2023-04-14 00:00:00</subfield>
    <subfield code="w">2023-04-13</subfield>
    <subfield code="y">BK</subfield>
  </datafield>
  <datafield tag="952" ind1=" " ind2=" ">
    <subfield code="0">0</subfield>
    <subfield code="1">0</subfield>
    <subfield code="4">0</subfield>
    <subfield code="7">0</subfield>
    <subfield code="8">PHARMACY</subfield>
    <subfield code="a">JRU</subfield>
    <subfield code="b">JRU</subfield>
    <subfield code="c">SHELF - 18 - I</subfield>
    <subfield code="d">2023-04-13</subfield>
    <subfield code="e">LOHIA BOOK INTERNATIONAL</subfield>
    <subfield code="g">790.00</subfield>
    <subfield code="l">0</subfield>
    <subfield code="o">615 NAN-C</subfield>
    <subfield code="p">27703</subfield>
    <subfield code="r">2023-04-14 00:00:00</subfield>
    <subfield code="w">2023-04-13</subfield>
    <subfield code="y">BK</subfield>
  </datafield>
  <datafield tag="952" ind1=" " ind2=" ">
    <subfield code="0">0</subfield>
    <subfield code="1">0</subfield>
    <subfield code="4">0</subfield>
    <subfield code="7">0</subfield>
    <subfield code="8">PHARMACY</subfield>
    <subfield code="a">JRU</subfield>
    <subfield code="b">JRU</subfield>
    <subfield code="c">SHELF - 18 - I</subfield>
    <subfield code="d">2023-04-13</subfield>
    <subfield code="e">LOHIA BOOK INTERNATIONAL</subfield>
    <subfield code="g">790.00</subfield>
    <subfield code="l">0</subfield>
    <subfield code="o">615 NAN-C</subfield>
    <subfield code="p">27704</subfield>
    <subfield code="r">2023-04-14 00:00:00</subfield>
    <subfield code="w">2023-04-13</subfield>
    <subfield code="y">BK</subfield>
  </datafield>
  <datafield tag="952" ind1=" " ind2=" ">
    <subfield code="0">0</subfield>
    <subfield code="1">0</subfield>
    <subfield code="4">0</subfield>
    <subfield code="7">0</subfield>
    <subfield code="8">PHARMACY</subfield>
    <subfield code="a">JRU</subfield>
    <subfield code="b">JRU</subfield>
    <subfield code="c">SHELF - 18 - I</subfield>
    <subfield code="d">2023-04-13</subfield>
    <subfield code="e">LOHIA BOOK INTERNATIONAL</subfield>
    <subfield code="g">790.00</subfield>
    <subfield code="l">0</subfield>
    <subfield code="o">615 NAN-C</subfield>
    <subfield code="p">27705</subfield>
    <subfield code="r">2023-04-14 00:00:00</subfield>
    <subfield code="w">2023-04-13</subfield>
    <subfield code="y">BK</subfield>
  </datafield>
  <datafield tag="952" ind1=" " ind2=" ">
    <subfield code="0">0</subfield>
    <subfield code="1">0</subfield>
    <subfield code="4">0</subfield>
    <subfield code="7">0</subfield>
    <subfield code="8">PHARMACY</subfield>
    <subfield code="a">JRU</subfield>
    <subfield code="b">JRU</subfield>
    <subfield code="c">SHELF - 18 - I</subfield>
    <subfield code="d">2023-04-13</subfield>
    <subfield code="e">LOHIA BOOK INTERNATIONAL</subfield>
    <subfield code="g">790.00</subfield>
    <subfield code="l">0</subfield>
    <subfield code="o">615 NAN-C</subfield>
    <subfield code="p">27706</subfield>
    <subfield code="r">2023-04-14 00:00:00</subfield>
    <subfield code="w">2023-04-13</subfield>
    <subfield code="y">BK</subfield>
  </datafield>
</record>
